Cereales y productos derivados: química y tecnología

Uloženo v:
Podrobná bibliografie
Hlavní autoři: Dendy, David A. V (Autor), Dobraszczyk, Bogdan J (Autor)
Médium: Kniha
Jazyk:španělština
Vydáno: Zaragoza Acribia 2004
Témata:
Tagy: Přidat tag
Žádné tagy, Buďte první, kdo vytvoří štítek k tomuto záznamu!

MARC

LEADER 00000nam a2200000 a 4500
001 UCI4487
003 CL-VaPUC
008 080118e20040000SP |||||||||||||||||spa|d
020 |a 8420010227 
082 0 4 |a 664.753  |b DEN  |2 21 
100 0 |a Dendy, David A. V  |e author  |9 526406 
700 0 |a Dobraszczyk, Bogdan J  |e author  |9 526407 
245 1 0 |a Cereales y productos derivados: química y tecnología 
300 |a 537 p 
942 |c BK 
945 |d 20080118 00:00:00  |a jtorresc 
260 |a Zaragoza  |b Acribia  |c 2004 
650 7 |a TECNOLOGIA DE ALIMENTOS  |2 CL-VaPUC  |9 526408 
650 0 |a Valor nutritivo  |9 790845 
650 0 |a Análisis de alimentos  |9 361130 
650 0 |a Análisis químico  |9 344456 
650 7 |a CONTENIDO DE NUTRIENTES  |2 CL-VaPUC  |9 526411 
650 7 |a FUENTES  |2 CL-VaPUC  |9 255666 
650 7 |a PRODUCTOS DERIVADOS DE CEREALES  |2 CL-VaPUC  |9 526412 
583 |a last modification  |c 20080118 00:00:00  |k Rodrigo Vera 
999 |c 328417  |d 328415 
952 |0 0  |1 0  |4 0  |6 664_753000000000000_DEN_2004  |7 0  |8 A  |9 412313  |a BIBALI  |b BIBALI  |c RES  |d 2019-11-22  |i 4403401  |o 664.753 DEN 2004  |p 4403401  |r 2025-01-20  |w 2019-11-22  |y BK_R  |k ALI